[Event "Chess.com Classic Div 3 L"]
[Site "chess.com INT"]
[Date "2024.05.11"]
[Round "2.1"]
[White "Idani, Pouya"]
[Black "Lobanov, Sergei"]
[Result "1/2-1/2"]
[WhiteTitle "GM"]
[BlackTitle "GM"]
[WhiteElo "2605"]
[BlackElo "2507"]
[WhiteFideId "12510130"]
[BlackFideId "24183750"]
[EventDate "2024.05.10"]
[EventType "k.o."]

1. e4 e5 2. Nf3 Nc6 3. Bb5 a6 4. Bxc6 dxc6 5. O-O Qf6 6. d4 exd4 7. Bg5 Qd6 8.
Qxd4 Qxd4 9. Nxd4 Bd7 10. Nc3 Ne7 11. Rad1 O-O-O 12. h3 f6 13. Be3 Ng6 14. f4
Re8 15. a3 c5 16. Nf3 Bc6 17. f5 Ne5 18. Nxe5 Rxe5 19. Bf4 Re8 20. Rfe1 g6 21.
Nd5 gxf5 22. Nxf6 Re6 23. e5 c4 24. c3 b5 25. Kh2 a5 26. Nh5 Be4 27. Bg5 Rg6 28.
Rd8+ Kb7 29. h4 h6 30. Nf4 Rxg5 31. Rxf8 Rxf8 32. hxg5 hxg5 33. Ne6 Rh8+ 34. Kg1
Re8 35. Nxg5 Rxe5 36. Kf2 b4 37. axb4 axb4 38. g4 Kc6 39. cxb4 Rb5 40. Nxe4 fxe4
41. Rxe4 Rxb4 42. Re2 c3 43. bxc3 Rxg4 44. Ke3 Kc5 45. Kd3 Rg3+ 46. Kc2 1/2-1/2

[Event "Chess.com Classic Div 3 L"]
[Site "chess.com INT"]
[Date "2024.05.11"]
[Round "2.1"]
[White "Mamedov, Rauf"]
[Black "Sadhwani, Raunak"]
[Result "1-0"]
[WhiteTitle "GM"]
[BlackTitle "GM"]
[WhiteElo "2651"]
[BlackElo "2654"]
[WhiteFideId "13401653"]
[BlackFideId "35093487"]
[EventDate "2024.05.10"]
[EventType "k.o."]

1. e4 e5 2. Nf3 Nc6 3. Bc4 Bc5 4. c3 Nf6 5. d3 d6 6. Nbd2 O-O 7. h3 a5 8. Nf1
Be6 9. Bb5 Ba7 10. Ng3 Ne7 11. O-O c6 12. Ba4 Ng6 13. d4 b5 14. Bc2 a4 15. Re1
h6 16. Be3 Re8 17. Qd2 Qc7 18. Nf5 Bxf5 19. exf5 Nf8 20. dxe5 dxe5 21. Bxa7 Rxa7
22. Rad1 e4 23. Nh2 Qb6 24. Ng4 N8h7 25. Qd4 Qb8 26. Qd6 Qb6 27. Qd4 Qb8 28. Qc5
Nxg4 29. hxg4 Nf6 30. Qxc6 Rae7 31. Qd6 Qa7 32. Qf4 e3 33. f3 a3 34. bxa3 Qxa3
35. Bb3 Qb2 36. Kh2 Qxc3 37. Re2 Nd7 38. Qd4 Qc7+ 39. Qd6 Qa7 40. Rc1 Nf6 41.
Qf4 Rd8 42. Rc3 Rde8 43. Rd3 Re5 44. Kh3 Qe7 45. Qd4 Nh7 46. Kg3 Nf6 47. Qd6 Qa7
48. Kh3 R5e7 49. Qd4 Qxd4 50. Rxd4 Nd7 51. Rd5 Rb8 52. Kg3 Kf8 53. Kf4 Nf6 54.
Rd3 Rbe8 55. Rdxe3 Nd7 56. Rxe7 Rxe7 57. Rc2 1-0

[Event "Chess.com Classic Div 3 L"]
[Site "chess.com INT"]
[Date "2024.05.11"]
[Round "2.1"]
[White "Moussard, Jules"]
[Black "Iturrizaga Bonelli, Eduardo"]
[Result "0-1"]
[WhiteTitle "GM"]
[BlackTitle "GM"]
[WhiteElo "2611"]
[BlackElo "2591"]
[WhiteFideId "642908"]
[BlackFideId "3901211"]
[EventDate "2024.05.10"]
[EventType "k.o."]

1. e4 c5 2. Nf3 e6 3. d4 cxd4 4. Nxd4 a6 5. Bd3 g6 6. Nc3 Bg7 7. Be3 Ne7 8. Qd2
h6 9. O-O-O b5 10. f4 d6 11. Kb1 Bb7 12. Rhf1 Nd7 13. f5 e5 14. Ndxb5 axb5 15.
Bxb5 Nc8 16. Nd5 O-O 17. Bxh6 Bxd5 18. Qxd5 Ndb6 19. Qd2 Qh4 20. Bxg7 Kxg7 21.
f6+ Kg8 22. Rf3 d5 23. Bc6 Nd6 24. Bxa8 Rxa8 25. exd5 Nbc4 26. Qf2 Qh5 27. Re1
e4 28. Rh3 Qe5 29. c3 Nf5 30. Qe2 Qxd5 31. g4 Nfd6 32. Rd1 Qb5 33. Qf2 e3 34.
Qg2 Rxa2 35. Rxd6 Rxb2+ 36. Kc1 Rb1+ 37. Kc2 Na3# 0-1

[Event "Chess.com Classic Div 3 L"]
[Site "chess.com INT"]
[Date "2024.05.11"]
[Round "2.1"]
[White "Radjabov, Teimour"]
[Black "Daneshvar, Bardiya"]
[Result "0-1"]
[WhiteTitle "GM"]
[BlackTitle "GM"]
[WhiteElo "2723"]
[BlackElo "2582"]
[WhiteFideId "13400924"]
[BlackFideId "12576468"]
[EventDate "2024.05.10"]
[EventType "k.o."]

1. d4 Nf6 2. c4 e6 3. Nf3 b6 4. g3 Bb7 5. Bg2 Be7 6. O-O O-O 7. Nc3 Ne4 8. Qc2
Nxc3 9. Qxc3 d6 10. b3 a5 11. Bb2 Nd7 12. Rfe1 Nf6 13. Rad1 Qb8 14. d5 e5 15.
Nh4 Nd7 16. Nf5 Bf6 17. e4 Qd8 18. Qc2 Nc5 19. f4 Bc8 20. Ne3 Re8 21. f5 Bd7 22.
a4 Bg5 23. h4 Bxe3+ 24. Rxe3 f6 25. g4 Kf7 26. Rg3 Qe7 27. g5 Rh8 28. Bf3 Rag8
29. Bh5+ g6 30. gxf6 Qf8 31. fxg6+ hxg6 32. Bf3 Qh6 33. Kf2 Qxh4 34. Rh1 Qxf6
35. Rf1 Rh2+ 36. Rg2 Rxg2+ 37. Kxg2 Qg5+ 38. Kf2 Rh8 39. Bg2 Ke8 40. Bc1 Qh4+
41. Ke3 Qg3+ 0-1

[Event "Chess.com Classic Div 3 L"]
[Site "chess.com INT"]
[Date "2024.05.11"]
[Round "2.1"]
[White "Rasulov, Vugar"]
[Black "Gledura, Benjamin"]
[Result "1-0"]
[WhiteTitle "GM"]
[BlackTitle "GM"]
[WhiteElo "2560"]
[BlackElo "2619"]
[WhiteFideId "13402390"]
[BlackFideId "712779"]
[EventDate "2024.05.10"]
[EventType "k.o."]

1. e4 c5 2. Nf3 d6 3. Bc4 Nf6 4. d3 e6 5. O-O Be7 6. Bb3 O-O 7. Re1 Nbd7 8. Nbd2
b5 9. a4 b4 10. Nf1 a5 11. Ng3 Ba6 12. h3 Rc8 13. Bc4 Bb7 14. Bb5 Qc7 15. c3 Nb6
16. Bf4 Rfd8 17. Qe2 Bc6 18. cxb4 axb4 19. d4 c4 20. Bxc6 Qxc6 21. a5 Nbd7 22.
d5 exd5 23. Nd4 Qa6 24. Ngf5 Bf8 25. exd5 Nxd5 26. Qg4 g6 27. Bg5 Ne5 28. Qe4
gxf5 29. Nxf5 Qa8 30. Bxd8 Rxd8 31. a6 Re8 32. a7 c3 33. bxc3 bxc3 34. Reb1 c2
35. Rc1 Ng6 36. Qxe8 Qxe8 37. a8=Q Qe4 38. Nxd6 Qe6 39. Rxc2 Ngf4 40. Rc8 Qxd6
41. Re1 Kg7 42. Qa1+ Qf6 43. Qxf6+ Nxf6 44. Kf1 Ne6 45. g3 h5 46. h4 Bc5 47.
Rxe6 1-0

[Event "Chess.com Classic Div 3 L"]
[Site "chess.com INT"]
[Date "2024.05.11"]
[Round "2.2"]
[White "Deac, Bogdan-Daniel"]
[Black "Bok, Benjamin"]
[Result "1-0"]
[WhiteTitle "GM"]
[BlackTitle "GM"]
[WhiteElo "2693"]
[BlackElo "2599"]
[WhiteFideId "1226380"]
[BlackFideId "1017063"]
[EventDate "2024.05.10"]
[EventType "k.o."]

1. Nf3 d5 2. g3 g6 3. Bg2 Bg7 4. d4 Nf6 5. O-O O-O 6. c4 c6 7. b3 dxc4 8. bxc4
c5 9. Bb2 cxd4 10. Nxd4 Qb6 11. Qc1 Bd7 12. Nd2 Nc6 13. N4b3 Rac8 14. Bc3 Rfd8
15. Rb1 Qc7 16. Qb2 b6 17. Rbc1 Ne8 18. Ne4 Bf5 19. Bxg7 Nxg7 20. Nc3 Qe5 21. f4
Qe3+ 22. Kh1 Qe6 23. e4 Bh3 24. Nd5 Bxg2+ 25. Qxg2 Ne8 26. e5 f5 27. exf6 Nxf6
28. Rce1 Qf7 29. f5 Nxd5 30. fxg6 Qxg6 31. cxd5 Nb4 32. Rxe7 Nxd5 33. Re5 Nb4
34. h4 Qc6 35. Qxc6 Nxc6 36. Rg5+ Kh8 37. Rf7 Rf8 38. Rxf8+ Rxf8 39. Kg2 Nb4 40.
a4 Nd3 41. a5 Rf2+ 42. Kg1 Rb2 43. Nd4 h6 44. Rd5 Nc5 45. axb6 axb6 46. Nf5 h5
47. Nd4 Kg7 48. Rxh5 Ne4 49. Re5 Nc5 50. h5 Rd2 51. Nf3 Rc2 52. g4 b5 53. g5 b4
54. Nd4 b3 55. Nxc2 bxc2 56. Rxc5 1-0

[Event "Chess.com Classic Div 3 L"]
[Site "chess.com INT"]
[Date "2024.05.11"]
[Round "2.2"]
[White "Durarbayli, Vasif"]
[Black "Giri, Anish"]
[Result "0-1"]
[WhiteTitle "GM"]
[BlackTitle "GM"]
[WhiteElo "2627"]
[BlackElo "2745"]
[WhiteFideId "13402935"]
[BlackFideId "24116068"]
[EventDate "2024.05.10"]
[EventType "k.o."]

1. e4 e5 2. Nf3 Nc6 3. d4 exd4 4. Nxd4 Nf6 5. Nxc6 bxc6 6. e5 Qe7 7. Qe2 Nd5 8.
h4 Qe6 9. Nd2 a5 10. g3 Nb4 11. Nf3 Ba6 12. c4 c5 13. a3 Nc6 14. Bf4 Be7 15. Rd1
Rd8 16. Qe4 f5 17. Qd5 h6 18. Be2 a4 19. Bd2 Rb8 20. Bc3 Nd8 21. h5 Bb7 22. Qd2
Bc6 23. Rh2 O-O 24. Nh4 Bxh4 25. Rxh4 Qf7 26. f4 Ne6 27. Kf2 Rbd8 28. Qe3 d6 29.
exd6 cxd6 30. Bf3 Bxf3 31. Qxf3 Nd4 32. Qd5 Qxd5 33. cxd5 Nb5 34. Rhh1 Rfe8 35.
Rhe1 Kf7 36. Rxe8 Rxe8 37. Ba5 Re4 38. Rd3 Rc4 39. Bc3 Re4 40. Ba5 c4 41. Re3
Rd4 42. Bb6 Rxd5 43. Re2 Rd3 44. Rc2 d5 45. Re2 Nd6 46. Re5 Ne4+ 47. Ke1 Nxg3
48. Bc5 Nxh5 49. Rxf5+ Kg6 50. Rf8 Nf6 51. Bd6 h5 52. Rh8 d4 53. Be5 c3 54. bxc3
Rxc3 55. Bxd4 Rxa3 56. Ra8 h4 57. Kf1 h3 58. Kg1 Ra2 59. Ra5 h2+ 60. Kh1 Ne4 61.
f5+ Kg5 62. Be5 Kg4 63. Bxh2 Kf3 0-1

[Event "Chess.com Classic Div 3 L"]
[Site "chess.com INT"]
[Date "2024.05.11"]
[Round "2.2"]
[White "Gledura, Benjamin"]
[Black "Rasulov, Vugar"]
[Result "1/2-1/2"]
[WhiteTitle "GM"]
[BlackTitle "GM"]
[WhiteElo "2619"]
[BlackElo "2560"]
[WhiteFideId "712779"]
[BlackFideId "13402390"]
[EventDate "2024.05.10"]
[EventType "k.o."]

1. d4 Nf6 2. c4 e6 3. Nc3 Bb4 4. e3 c5 5. Ne2 b6 6. a3 Ba5 7. d5 O-O 8. Bd2 Bb7
9. Nf4 exd5 10. Ncxd5 Bxd5 11. Bxa5 bxa5 12. Nxd5 Nc6 13. Be2 Rb8 14. Rb1 Nxd5
15. Qxd5 Qf6 16. Qd2 Rb7 17. O-O Rfb8 18. Bf3 g6 19. Bxc6 Qxc6 20. Qxa5 Rxb2 21.
Rxb2 Rxb2 22. Qxa7 d5 23. cxd5 Qxd5 24. h3 c4 25. Qc7 Rd2 26. a4 Kg7 27. a5 Ra2
28. e4 Qxe4 29. Qc5 Qf5 30. Qxf5 gxf5 31. Rc1 Rxa5 32. Rxc4 Kg6 33. Kh2 Ra2 34.
Kg3 Ra3+ 35. f3 Ra2 36. Rc8 h6 37. Rc6+ f6 38. Rc8 Rb2 39. Rg8+ Kf7 40. Ra8 Kg6
41. Kf4 Rb4+ 42. Ke3 Rb3+ 43. Kd4 Kg7 44. Kd5 Rb2 45. h4 Rxg2 46. h5 Rd2+ 47.
Ke6 Re2+ 48. Kxf5 Re5+ 49. Kg4 Rg5+ 50. Kh4 Rg1 51. Ra7+ Kg8 52. f4 f5 53. Ra4
Rh1+ 54. Kg3 Rxh5 55. Ra1 Kg7 56. Re1 Kf7 57. Rd1 Kg7 58. Rg1 Kf7 59. Ra1 Kg7
60. Rb1 Kf7 61. Ra1 Kg7 1/2-1/2

[Event "Chess.com Classic Div 3 L"]
[Site "chess.com INT"]
[Date "2024.05.11"]
[Round "2.2"]
[White "Iturrizaga Bonelli, Eduardo"]
[Black "Moussard, Jules"]
[Result "1/2-1/2"]
[WhiteTitle "GM"]
[BlackTitle "GM"]
[WhiteElo "2591"]
[BlackElo "2611"]
[WhiteFideId "3901211"]
[BlackFideId "642908"]
[EventDate "2024.05.10"]
[EventType "k.o."]

1. c4 Nf6 2. g3 e5 3. Bg2 Bc5 4. Nc3 O-O 5. Nf3 d6 6. O-O Re8 7. e3 Bg4 8. h3
Bh5 9. g4 Bg6 10. d4 exd4 11. exd4 Bb6 12. Bg5 h6 13. Bh4 c6 14. Qd2 Nbd7 15.
Rfe1 Rxe1+ 16. Rxe1 Qf8 17. Bg3 Re8 18. Rxe8 Nxe8 19. b4 Bd8 20. c5 Ndf6 21. Qe3
Bc7 22. Nh4 dxc5 23. dxc5 Bxg3 24. Qxg3 a5 25. a3 axb4 26. axb4 Qe7 27. Nxg6
fxg6 28. Bf1 Nc7 29. Bc4+ Kh7 30. Qe3 Qd7 31. Qd3 Qe8 32. Kg2 Nd7 33. Qd6 Ne5
34. Be2 Na8 35. b5 Nf7 36. Qf4 Qe7 37. b6 Ng5 38. Qe3 Qf8 39. Bc4 Qf6 40. Ne4
Nxe4 41. Qxe4 h5 42. gxh5 Qg5+ 43. Qg4 Qxc5 44. Qxg6+ Kh8 45. Qe8+ Kh7 46. Qg6+
Kh8 47. Qe8+ Kh7 48. Qg6+ 1/2-1/2

[Event "Chess.com Classic Div 3 L"]
[Site "chess.com INT"]
[Date "2024.05.11"]
[Round "2.2"]
[White "Lobanov, Sergei"]
[Black "Idani, Pouya"]
[Result "1-0"]
[WhiteTitle "GM"]
[BlackTitle "GM"]
[WhiteElo "2507"]
[BlackElo "2605"]
[WhiteFideId "24183750"]
[BlackFideId "12510130"]
[EventDate "2024.05.10"]
[EventType "k.o."]

1. e4 e5 2. Nf3 Nc6 3. g3 g6 4. Bg2 Bg7 5. O-O Nge7 6. c4 O-O 7. Nc3 d6 8. d3 h6
9. h3 f5 10. Nd5 g5 11. exf5 Bxf5 12. Be3 Qd7 13. Kh2 Nxd5 14. cxd5 Nb4 15. d4
e4 16. Nd2 Nxd5 17. Nxe4 Nxe3 18. fxe3 Rae8 19. Qb3+ Kh8 20. Nd2 c6 21. Rae1 Bg6
22. Qa3 Rxf1 23. Rxf1 Qe7 24. Nc4 d5 25. Nd6 Rf8 26. Rxf8+ Bxf8 27. Nxb7 Qf7 28.
Qa6 Qc7 29. Qf1 Kg7 30. Nc5 Bxc5 31. dxc5 Qa5 32. Qc1 Qxa2 33. Qc3+ Kf7 34. Qe5
Qa6 35. h4 gxh4 36. gxh4 h5 37. Qc7+ Kf6 38. Qd6+ Kf7 39. Bxd5+ Kg7 40. Bxc6
Qe2+ 41. Bg2 Qxe3 42. c6 Qf2 43. Qe7+ Bf7 44. Qg5+ Bg6 45. c7 Qc2 46. Qe7+ Bf7
47. Qe5+ Kg8 48. Qd6 Kg7 49. Qd4+ Kh7 50. Qe4+ Qxe4 51. Bxe4+ 1-0

[Event "Chess.com Classic Div 3 L"]
[Site "chess.com INT"]
[Date "2024.05.11"]
[Round "2.2"]
[White "Sadhwani, Raunak"]
[Black "Mamedov, Rauf"]
[Result "1-0"]
[WhiteTitle "GM"]
[BlackTitle "GM"]
[WhiteElo "2654"]
[BlackElo "2651"]
[WhiteFideId "35093487"]
[BlackFideId "13401653"]
[EventDate "2024.05.10"]
[EventType "k.o."]

1. e4 c5 2. Nf3 Nc6 3. Bb5 Nf6 4. Nc3 Qc7 5. O-O Nd4 6. Re1 a6 7. Bf1 d6 8. Nxd4
cxd4 9. Nd5 Nxd5 10. exd5 g6 11. c4 Bg7 12. d3 O-O 13. Bg5 e5 14. dxe6 Bxe6 15.
Rc1 Rfe8 16. Qd2 a5 17. Bh6 Qc5 18. Re4 Bf5 19. Rh4 Bf6 20. Bg5 Bg7 21. g4 Bd7
22. Bg2 Bc6 23. Bh6 Bf6 24. Rh3 Re6 25. Bxc6 Qxc6 26. Re1 Qd7 27. Rxe6 Qxe6 28.
Qf4 Re8 29. Qf3 Bg7 30. Bxg7 Kxg7 31. Qf4 Kg8 32. Qxd4 Qe1+ 33. Kg2 Qd1 34. Rf3
Re6 35. Qf4 f6 36. Qd4 Qe2 37. Qd5 b6 38. h3 Qe5 39. Re3 Qxd5+ 40. cxd5 Re5 41.
Rxe5 fxe5 42. g5 b5 43. Kf3 Kf7 44. Ke4 Ke7 45. d4 exd4 46. Kxd4 Kd7 47. f4 Ke7
48. h4 Kd7 49. a4 bxa4 50. Kc4 1-0

[Event "Chess.com Classic Div 3 L"]
[Site "chess.com INT"]
[Date "2024.05.11"]
[Round "2.3"]
[White "Radjabov, Teimour"]
[Black "Daneshvar, Bardiya"]
[Result "0-1"]
[WhiteTitle "GM"]
[BlackTitle "GM"]
[WhiteElo "2723"]
[BlackElo "2582"]
[WhiteFideId "13400924"]
[BlackFideId "12576468"]
[EventDate "2024.05.10"]
[EventType "k.o."]

1. d4 d5 2. Nf3 Nf6 3. c4 c6 4. Nc3 e6 5. b3 Nbd7 6. Bb2 Bd6 7. Qc2 Qe7 8. e3
O-O 9. Bd3 e5 10. cxd5 cxd5 11. dxe5 Nxe5 12. Nxe5 Bxe5 13. Nb5 Bxb2 14. Qxb2
Bd7 15. Nd4 Ng4 16. Qd2 Qh4 17. h3 Nxe3 18. Nf3 Qf6 0-1

[Event "Chess.com Classic Div 3 L"]
[Site "chess.com INT"]
[Date "2024.05.11"]
[Round "2.3"]
[White "Sadhwani, Raunak"]
[Black "Mamedov, Rauf"]
[Result "0-1"]
[WhiteTitle "GM"]
[BlackTitle "GM"]
[WhiteElo "2654"]
[BlackElo "2651"]
[WhiteFideId "35093487"]
[BlackFideId "13401653"]
[EventDate "2024.05.10"]
[EventType "k.o."]

1. e4 c5 2. Nf3 Nc6 3. Bb5 g6 4. O-O Bg7 5. Re1 e5 6. Bxc6 dxc6 7. d3 Qe7 8. h3
Nf6 9. Qd2 O-O 10. Qc3 Nd7 11. Be3 b6 12. Nbd2 Re8 13. a3 a5 14. a4 Ba6 15. Nf1
Nf8 16. b3 Ne6 17. Qd2 Rad8 18. N1h2 h5 19. Bh6 Qf6 20. Bxg7 Kxg7 21. h4 Bc8 22.
g3 Rd6 23. Kg2 Rdd8 24. Rf1 Re7 25. Qc3 Nd4 26. Nxd4 cxd4 27. Qd2 Qe6 28. b4
axb4 29. Qxb4 c5 30. Qb2 c4 31. Rfb1 cxd3 32. cxd3 Rd6 33. Nf3 f6 34. Rc1 Ba6
35. Qa3 Rdd7 36. a5 bxa5 37. Rc5 Qd6 38. Rxa5 Qxa3 39. R1xa3 Bb7 40. Nd2 Rc7 41.
Rb5 f5 42. Kf1 fxe4 43. dxe4 Rc2 44. Ke1 Bc6 45. Rb6 Rc7 46. Ra5 d3 47. f3 Rc1+
48. Kf2 Rd1 49. Nb3 Be8 50. Rxe5 Bf7 51. Ke3 Re1+ 52. Kxd3 Rd7+ 53. Kc2 Re2+ 54.
Kc1 Rd3 55. Nc5 Rxf3 56. Rd6 Rxg3 57. Re7 Rh2 58. Nd7 Rc3+ 59. Kd1 Ra3 0-1

[Event "Chess.com Classic Div 3 L"]
[Site "chess.com INT"]
[Date "2024.05.11"]
[Round "3.1"]
[White "Deac, Bogdan-Daniel"]
[Black "Lobanov, Sergei"]
[Result "1/2-1/2"]
[WhiteTitle "GM"]
[BlackTitle "GM"]
[WhiteElo "2693"]
[BlackElo "2507"]
[WhiteFideId "1226380"]
[BlackFideId "24183750"]
[EventDate "2024.05.10"]
[EventType "k.o."]

1. Nf3 d5 2. g3 g6 3. Bg2 Bg7 4. d4 Nf6 5. O-O O-O 6. c3 a5 7. a4 b6 8. Bf4 Bb7
9. Qc1 c5 10. Na3 cxd4 11. cxd4 Na6 12. Qe3 Qd7 13. Nb5 Rfc8 14. Rac1 Rxc1 15.
Rxc1 Rc8 16. Rxc8+ Bxc8 17. Ne5 Qf5 18. Qc1 Bb7 19. h3 Qc8 20. Qxc8+ Bxc8 21.
Nc6 Kf8 22. Be5 Bd7 23. Bxf6 Bxc6 24. Bxg7+ Kxg7 25. Nc3 Nb4 26. e3 e6 27. Bf1
Kf6 28. f4 Ke7 29. Kf2 h5 30. g4 hxg4 31. hxg4 1/2-1/2

[Event "Chess.com Classic Div 3 L"]
[Site "chess.com INT"]
[Date "2024.05.11"]
[Round "3.1"]
[White "Giri, Anish"]
[Black "Iturrizaga Bonelli, Eduardo"]
[Result "1-0"]
[WhiteTitle "GM"]
[BlackTitle "GM"]
[WhiteElo "2745"]
[BlackElo "2591"]
[WhiteFideId "24116068"]
[BlackFideId "3901211"]
[EventDate "2024.05.10"]
[EventType "k.o."]

1. Nf3 Nf6 2. c4 b6 3. d4 Bb7 4. g3 e6 5. Bg2 Be7 6. O-O O-O 7. Re1 Qc8 8. Nc3
Ne4 9. Nxe4 Bxe4 10. Bg5 Qd8 11. h4 h6 12. Bf4 d6 13. Nh2 Bxg2 14. Kxg2 Nd7 15.
e4 e5 16. Be3 exd4 17. Bxd4 Bf6 18. Ng4 Bxd4 19. Qxd4 Re8 20. Rad1 a5 21. b3 Nc5
22. f3 Qe7 23. Qd2 Qe6 24. Ne3 Rad8 25. Nd5 Qc8 26. Re3 c6 27. Nf4 f5 28. exf5
Rxe3 29. Qxe3 Qxf5 30. Rd2 Kf7 31. Re2 Qd7 32. Nh5 Kf8 33. Qd4 Qf7 34. Nf4 Kg8
35. h5 Kh7 36. Ng6 Qf5 37. g4 Qd3 38. Qxd3 Nxd3 39. f4 Nc5 40. f5 Kg8 41. Re7 d5
42. g5 hxg5 43. h6 1-0

[Event "Chess.com Classic Div 3 L"]
[Site "chess.com INT"]
[Date "2024.05.11"]
[Round "3.1"]
[White "Rasulov, Vugar"]
[Black "Mamedov, Rauf"]
[Result "0-1"]
[WhiteTitle "GM"]
[BlackTitle "GM"]
[WhiteElo "2560"]
[BlackElo "2651"]
[WhiteFideId "13402390"]
[BlackFideId "13401653"]
[EventDate "2024.05.10"]
[EventType "k.o."]

1. e4 c5 2. Nf3 Nc6 3. Bc4 d6 4. h3 Nf6 5. d3 g6 6. O-O Bg7 7. c3 O-O 8. Bb3 b5
9. Re1 b4 10. d4 bxc3 11. Nxc3 Nxd4 12. Nxd4 cxd4 13. Qxd4 Bb7 14. Qd3 Nd7 15.
Bd5 Nc5 16. Qf3 Rb8 17. Bg5 Ba6 18. Rab1 Nd3 19. Red1 h6 20. Bh4 g5 21. Bg3 Nxb2
22. Rd2 Nc4 23. Rdd1 Rxb1 24. Nxb1 Qa5 25. h4 e6 26. Bxc4 Bxc4 27. hxg5 hxg5 28.
Bxd6 Rd8 29. a3 Rxd6 30. Rxd6 Qe1+ 31. Kh2 Be5+ 32. g3 Bxd6 33. Qf6 Qxe4 34. Nd2
Qh7+ 35. Kg1 Bd5 36. Qxg5+ Qg6 0-1

[Event "Chess.com Classic Div 3 L"]
[Site "chess.com INT"]
[Date "2024.05.11"]
[Round "3.1"]
[White "Warmerdam, Max"]
[Black "Daneshvar, Bardiya"]
[Result "0-1"]
[WhiteTitle "GM"]
[BlackTitle "GM"]
[WhiteElo "2652"]
[BlackElo "2582"]
[WhiteFideId "1048104"]
[BlackFideId "12576468"]
[EventDate "2024.05.10"]
[EventType "k.o."]

1. Nf3 d5 2. c4 e6 3. g3 Nf6 4. Bg2 Be7 5. O-O O-O 6. b3 b6 7. d4 Bb7 8. Nc3
Nbd7 9. Bb2 Qc8 10. Rc1 dxc4 11. bxc4 Ne4 12. d5 Nxc3 13. Bxc3 Nc5 14. Ne5 f6
15. Nd3 e5 16. Kh1 Re8 17. e4 Bd6 18. f4 Nxd3 19. Qxd3 Qg4 20. f5 Qh5 21. g4 Qf7
22. Bf3 h6 23. h4 Kf8 24. Bd2 Bc5 25. g5 hxg5 26. hxg5 Ke7 27. Kg2 Rh8 28. Rh1
Kd7 29. Qb3 Qe7 30. Qb5+ c6 31. Qb3 fxg5 32. Bg4 Kc7 33. Qg3 Rh4 34. Bf3 Rf4 35.
Rh5 g4 36. Bxg4 Rf2+ 37. Qxf2 Bxf2 38. Kxf2 Rf8 39. Rg5 Rh8 40. Kg2 Kb8 41. Rc2
Qc5 42. Bc3 Qe3 0-1

[Event "Chess.com Classic Div 3 L"]
[Site "chess.com INT"]
[Date "2024.05.11"]
[Round "3.2"]
[White "Daneshvar, Bardiya"]
[Black "Warmerdam, Max"]
[Result "0-1"]
[WhiteTitle "GM"]
[BlackTitle "GM"]
[WhiteElo "2582"]
[BlackElo "2652"]
[WhiteFideId "12576468"]
[BlackFideId "1048104"]
[EventDate "2024.05.10"]
[EventType "k.o."]

1. Nf3 Nf6 2. c4 e6 3. g3 d5 4. Bg2 d4 5. O-O Nc6 6. d3 Bc5 7. Nbd2 O-O 8. Nb3
Be7 9. e3 dxe3 10. Bxe3 Ng4 11. Bc5 Bxc5 12. Nxc5 b6 13. Nh4 Nge5 14. d4 Qxd4
15. Qxd4 Nxd4 16. Nb3 Ne2+ 17. Kh1 Ba6 18. Rfe1 Bxc4 19. Nd2 Ba6 20. Bxa8 Rxa8
21. Rxe2 Bxe2 22. Re1 Bc4 23. Rxe5 Bxa2 24. b3 a5 25. Re1 a4 26. Ra1 axb3 27.
Nxb3 Ra4 28. Rd1 g5 0-1

[Event "Chess.com Classic Div 3 L"]
[Site "chess.com INT"]
[Date "2024.05.11"]
[Round "3.2"]
[White "Iturrizaga Bonelli, Eduardo"]
[Black "Giri, Anish"]
[Result "0-1"]
[WhiteTitle "GM"]
[BlackTitle "GM"]
[WhiteElo "2591"]
[BlackElo "2745"]
[WhiteFideId "3901211"]
[BlackFideId "24116068"]
[EventDate "2024.05.10"]
[EventType "k.o."]

1. c4 Nf6 2. Nc3 e5 3. Nf3 Nc6 4. Qc2 Nd4 5. Nxd4 exd4 6. Nd5 c6 7. Nxf6+ Qxf6
8. e3 Be7 9. Bd3 dxe3 10. dxe3 Bb4+ 11. Bd2 Bxd2+ 12. Qxd2 d6 13. O-O O-O 14.
Rfd1 Rd8 15. Qb4 Qe7 16. Rd2 Be6 17. Rad1 Rd7 18. Bb1 Rad8 19. Qc3 g6 20. h3 Qg5
21. f4 Qc5 22. Rd4 a5 23. Qe1 d5 24. f5 gxf5 25. Qg3+ Kf8 26. Qe5 Qd6 27. Qf6
Qg3 28. Bxf5 Qg7 29. Qxg7+ Kxg7 30. Bxe6 fxe6 31. c5 h5 32. Ra4 Ra8 33. b4 e5
34. bxa5 Kf6 35. Rb1 d4 36. e4 Kg5 37. Rf1 d3 38. Ra3 h4 39. Rd1 Rad8 40. Kf2
Kf4 41. Rb3 Kxe4 42. Rb4+ Rd4 43. Rxb7 Rf8+ 44. Ke1 Ke3 45. Rb2 Rdf4 0-1

[Event "Chess.com Classic Div 3 L"]
[Site "chess.com INT"]
[Date "2024.05.11"]
[Round "3.2"]
[White "Lobanov, Sergei"]
[Black "Deac, Bogdan-Daniel"]
[Result "0-1"]
[WhiteTitle "GM"]
[BlackTitle "GM"]
[WhiteElo "2507"]
[BlackElo "2693"]
[WhiteFideId "24183750"]
[BlackFideId "1226380"]
[EventDate "2024.05.10"]
[EventType "k.o."]

1. d4 d5 2. c4 dxc4 3. Nf3 Nf6 4. e3 e6 5. Bxc4 c5 6. O-O a6 7. Bd3 Nc6 8. dxc5
Bxc5 9. a3 Bd6 10. Qe2 Qc7 11. Nbd2 Bd7 12. Nc4 Be7 13. b4 b5 14. Ncd2 Ne5 15.
Nxe5 Qxe5 16. Rb1 Qh5 17. Qxh5 Nxh5 18. Nb3 O-O 19. Bb2 Nf6 20. Rfd1 Rfd8 21.
Rd2 Bc6 22. Rc1 Rac8 23. f3 Kf8 24. e4 Ne8 25. Rcd1 Bg5 26. Rc2 Be7 27. Nc5
Bxc5+ 28. Rxc5 Bb7 29. Rxc8 Bxc8 30. Kf2 f6 31. e5 f5 32. Bc1 h6 33. Be3 Bb7 34.
Bc5+ Kf7 35. Ke3 Bd5 36. Be2 g5 37. g3 Ng7 38. a4 bxa4 39. Bxa6 a3 40. b5 a2 41.
b6 Ra8 42. b7 Bxb7 43. Rd7+ Kg6 0-1

[Event "Chess.com Classic Div 3 L"]
[Site "chess.com INT"]
[Date "2024.05.11"]
[Round "3.2"]
[White "Mamedov, Rauf"]
[Black "Rasulov, Vugar"]
[Result "0-1"]
[WhiteTitle "GM"]
[BlackTitle "GM"]
[WhiteElo "2651"]
[BlackElo "2560"]
[WhiteFideId "13401653"]
[BlackFideId "13402390"]
[EventDate "2024.05.10"]
[EventType "k.o."]

1. e4 e5 2. Nf3 Nc6 3. Nc3 Nf6 4. Bb5 Bd6 5. d3 O-O 6. a3 Bc5 7. Bc4 d6 8. h3
Be6 9. O-O h6 10. Bxe6 fxe6 11. Be3 Bb6 12. d4 exd4 13. Nxd4 Qd7 14. Qd2 Rf7 15.
Nxc6 Qxc6 16. Bxb6 Qxb6 17. e5 dxe5 18. Qe2 Qxb2 19. Nb5 e4 20. Qc4 Qe5 21. Rae1
Qd5 22. Qb3 Qxb3 23. cxb3 Rd8 24. Rc1 c6 25. Nc3 Rd3 26. Rfe1 Rfd7 27. Na4 b6
28. Rxc6 Rxb3 29. Nc3 Rxa3 30. Nxe4 Nxe4 31. Rxe4 Ra2 32. Rexe6 Rd1+ 33. Kh2
Rxf2 34. Re7 Rdd2 35. Rg6 Rf7 36. Re8+ Kh7 37. Rg3 Rd6 38. Rb8 Rg6 39. h4 Rxg3
40. Kxg3 h5 41. Kh3 Kg6 42. g3 Kf5 43. Rd8 Ke6 44. Rh8 Rb7 45. Rxh5 b5 46. Rg5
b4 47. h5 b3 48. Rg6+ Kf7 0-1